Star Wars : La Menace Fantôme - Statistiques

Statistiques générales
  • Ce quiz a été pris 55 fois
  • Le résultat moyen est 9 sur 10
Statistiques - réponses
Question Réponse % Correct
Eskiousez-moé. Jar Jar Binks
100%
Tu es un Ange ? [...] Un ange, ce sont les plus belles créatures de tout l’univers on dis qu’elle vivent sur les lunes de Yégo je crois… Anakin Skywalker
98%
J’ai les puces à l’air ! Oh, juste ciel ! C3PO
98%
Il n’a pas de père. Je l’ai porté, je l’ai mis au monde, je l’ai élevé. Je ne me l’explique pas. Shmi Skywalker
98%
Toujours par deux, ils vont. Ni plus, ni moins. Un maître et son apprenti. Yoda
91%
La peur mène à la colère, la colère mène à la haine… La haine mène à la souffrance ! Yoda
89%
Concentre-toi sur l’instant présent, ressens, ne pense pas, fie-toi à ton instinct. Qui-Gon Jinn
82%
Vous pouvez être fière de votre fils. Il donne sans attendre de récompense. Qui-Gon Jinn
80%
Ça c’est une course de module ! Anakin Skywalker
78%
Il y en a toujours un pour manger l’autre ! Qui-Gon Jinn
64%
Aucun quiz correspondant
Distribution des résultats
% des personnes avec chaque résultat
Percentile par nombre de réponses
Votre historique - résultats
Vous n’avez pas pris ce quiz